Το πρόβλημα της διγλωσσίας : η περίπτωση του Σολωμού
Αποθηκεύτηκε σε:
| Κύριος συγγραφέας: | |
|---|---|
| Μορφή: | Βιβλίο |
| Γλώσσα: | Greek |
| Δημοσίευση: |
Ρέθυμνο :
Παμεπιστήμιο Κρήτης,
1999
|
| Θέματα: | |
| Ετικέτες: |
Προσθήκη ετικέτας
Δεν υπάρχουν, Καταχωρήστε ετικέτα πρώτοι!
|
MARC
| LEADER | 00000cam a2200000 i 4500 | ||
|---|---|---|---|
| 001 | 1/45305 | ||
| 008 | 070531s1999 gre d | ||
| 035 | |l 10088085 | ||
| 040 | |a GR-MY-UA |b gre |e aacr | ||
| 041 | 0 | |a gre | |
| 082 | 0 | |a 410.92 |2 (22) | |
| 100 | 1 | |a Αθανασοπούλου, Αφροδίτη. | |
| 245 | 1 | 3 | |a Το πρόβλημα της διγλωσσίας : |b η περίπτωση του Σολωμού / |c Αφροδίτη Αθανασοπούλου ; επόπτες καθηγητές: Αλέξης Πολίτης, Στέφανος Κακλαμάνης, Massimo Peri |
| 260 | |a Ρέθυμνο : |b Παμεπιστήμιο Κρήτης, |c 1999 | ||
| 300 | |a 251 σ.; |c 30 εκ. | ||
| 504 | |a Βιβλιογραφία: σ. 217-246 | ||
| 600 | 1 | 0 | |a Σολωμός, Διονύσιος, |d 1798-1857. |
| 650 | 0 | 0 | |a Linguistic analysis (Linguistics) |x Grammar, Comparative and general. |
| 650 | 0 | 0 | |a Linguistics |x Research. |
| 650 | 0 | 0 | |a Linguistics |x Philosophy. |
| 852 | |a INST |b RHODES |e 20070531 |h 410.92 ΑΘΑ |p 005400026584 |q 005400026584 |t BK |y 0 | ||
| 901 | |a BIBL4-2007-2 | ||
| 909 | |a Ρ |b 127753 | ||
| 970 | |a ΜΙΣΣΟΣ |b ΣΤΑΥΡΟΣ |z 2007/05/31 | ||